[Event "Val de Marne-ch"]
[Site "Maisons Alfort"]
[Date "2015.02.07"]
[Round "3"]
[White "Note, Frederic"]
[Black "Rivet, Cyrille"]
[Result "1/2-1/2"]
[WhiteElo "1980"]
[BlackElo "1784"]
[PlyCount "103"]
[EventDate "2015.02.07"]
[EventType "swiss"]
[EventRounds "5"]
[EventCountry "FRA"]
[SourceTitle "EXT 2016"]
[Source "ChessBase"]
[SourceDate "2015.10.08"]
[SourceVersion "1"]
[SourceVersionDate "2015.10.08"]
[SourceQuality "1"]

1. d4 d5 2. c4 Nc6 3. e3 e5 4. dxe5 d4 5. a3 Nh6 6. exd4 Qxd4 7. Nc3 Qxe5+ 8. Qe2 Bg4 9. f3 Be6 10. Bxh6 gxh6 11. 0-0-0 Bg7 12. Nh3 Qc5 13. Nb5 0-0 14. Qf2 Qe7 15. Qe3 a6 16. Nc3 Rad8 17. Be2 Nd4 18. Nd5 Qc5 19. b4 Nxe2+ 20. Qxe2 Qa7 21. Nhf4 Rfe8 22. Nxe6 fxe6 23. Nxc7 Rxd1+ 24. Rxd1 Re7 25. Nxe6 Qb6 26. Re1 Bc3 27. Qe3 Bd4 28. Qxh6 Bg7 29. Qh3 Qc6 30. Re4 Qd6 31. Qg4 Qd3 32. Nxg7 Qxa3+ 33. Kc2 Qa2+ 34. Kd3 Qb3+ 35. Kd4 Qd1+ 36. Kc5 Rc7+ 37. Kb6 Qd6+ 38. Ka5 b6+ 39. Ka4 Qd1+ 40. Ka3 Qd3+ 41. Kb2 Qd2+ 42. Kb3 Qd3+ 43. Kb2 Qd2+ 44. Kb3 Qd1+ 45. Kc3 Qc1+ 46. Kd3 Rd7+ 47. Rd4 Qd1+ 48. Ke3 Qe1+ 49. Kd3 Qd1+ 50. Ke3 Qe1+ 51. Kd3 Qd1+ 52. Ke3 1/2-1/2

[Event "Val de Marne-ch"]
[Site "Maisons Alfort"]
[Date "2015.02.07"]
[Round "2"]
[White "Rivet, Cyrille"]
[Black "Madon, Francis"]
[Result "1-0"]
[WhiteElo "1784"]
[BlackElo "1623"]
[PlyCount "139"]
[EventDate "2015.02.07"]
[EventType "swiss"]
[EventRounds "5"]
[EventCountry "FRA"]
[SourceTitle "EXT 2016"]
[Source "ChessBase"]
[SourceDate "2015.10.08"]
[SourceVersion "1"]
[SourceVersionDate "2015.10.08"]
[SourceQuality "1"]

1. d4 Nf6 2. c4 e6 3. g3 Be7 4. Bg2 0-0 5. Nf3 c5 6. d5 exd5 7. cxd5 d6 8. Nc3 Nbd7 9. 0-0 Re8 10. Re1 Rb8 11. a4 a6 12. Qd3 Ng4 13. e4 Nge5 14. Nxe5 Nxe5 15. Qe2 c4 16. Be3 Nd3 17. Red1 Bf6 18. a5 g6 19. Ba7 Ra8 20. Bb6 Qe7 21. Ra4 Ne5 22. Bd4 Bd7 23. Rb4 Reb8 24. h3 Bg7 25. f4 b5 26. axb6 a5 27. b7 Ra6 28. Rb6 Rxb6 29. Bxb6 Nd3 30. Bxa5 Bd4+ 31. Kh2 Rxb7 32. Rxd3 cxd3 33. Qxd3 Bg7 34. b4 Rb8 35. Bf1 Qf6 36. Ne2 Bb5 37. Qc2 Qe7 38. Bg2 Qd7 39. Ng1 Rc8 40. Qf2 Ba4 41. Qb6 Rc2 42. Qd8+ Qxd8 43. Bxd8 Bb5 44. Kh1 Bc3 45. Ba5 Bd4 46. Nf3 Bc3 47. e5 dxe5 48. fxe5 Rb2 49. Kg1 Bxb4 50. Bxb4 Rxb4 51. Kf2 h6 52. Nd2 Kf8 53. Ne4 Ke7 54. d6+ Ke6 55. Nc5+ Kxe5 56. Nd3+ Kf6 57. Nxb4 Ke5 58. Ke3 f6 59. Nd3+ Kxd6 60. Kd4 g5 61. Nc5 Be8 62. Ne4+ Ke7 63. Nf2 f5 64. Ke5 h5 65. h4 g4 66. Nd3 Kf7 67. Nf4 Kg7 68. Nxh5+ Kg6 69. Nf4+ Kh6 70. Bd5 1-0